Vetrom doviate listy

Bibliographic Details
Main Author: Chrenková, Edita, 1936-2023 (Author)
Format: Article
Language:Slovak
Subjects:

MARC

LEADER 00000nab a2200000 a 4500
001 vtls009172861
003 SK-MaSNL
005 20260304160125.0
008 250507c2007 xo |r|p|||||||000 b|slo
015 |a SNBRB2008/01  |2 snkbucl 
035 |a (uuid)124bcab1-c154-42d9-a420-3de2d80deff0 
035 |a urn:nbn:sk:snk-abet9w 
035 |a (urnnbn)urn:nbn:sk:snk:ar-000b72 
038 |a SNKBUCL 
040 |a SNKBUCL  |b slo  |c SNKBUCL  |e AACR2 
041 0 |a slo 
044 |a xo  |c SK 
080 |a 82.09:821.162.4-32  |x (048)  |2 1997 
080 |a 821.162.4-32  |x (048)  |2 1997 
100 1 |a Chrenková, Edita,  |d 1936-2023  |4 aut  |9 102588 
245 1 0 |a Vetrom doviate listy  |c Edita Chrenková 
650 0 7 |a spoločenské prózy, slovenské  |x recenzie  |2 snkbucl  |9 856701 
650 0 7 |a baladické prózy  |2 snkbucl  |9 1056226 
655 7 |a recenzie  |2 snkbucl  |9 21907 
773 0 |t Slovenské pohľady  |g Roč. IV.+123., č. 11 (2007), s. 118-119  |x 1335-7786 
787 0 8 |i Rec.:  |a Švenková, Viera, 1937-  |t Listy vo vetre  |d Bratislava : Vydavateľstvo Spolku slovenských spisovateľov, 2005  |z 808061217X 
850 |a Slovenská národná knižnica 
852 |a Slovenská národná knižnica 
958 |a article27 
958 |a LX 
958 |a SK 
958 |a RC 
958 |a OND 
958 |a EUIPO 
999 |c 2965621  |d 2967551